Tea : (Record no. 6014)

MARC details
000 -LEADER
fixed length control field 01021pam a2200289 a 4500
001 - CONTROL NUMBER
control field 1542761
003 - CONTROL NUMBER IDENTIFIER
control field OSt
005 - DATE AND TIME OF LATEST TRANSACTION
control field 20210922153704.0
008 - FIXED-LENGTH DATA ELEMENTS--GENERAL INFORMATION
fixed length control field 910531s1992 enkabf b 001 0 eng
010 ## - LIBRARY OF CONGRESS CONTROL NUMBER
LC control number 91022774
020 ## - INTERNATIONAL STANDARD BOOK NUMBER
International Standard Book Number 0412338505 (HB)
040 ## - CATALOGING SOURCE
Transcribing agency HU
050 00 - LIBRARY OF CONGRESS CALL NUMBER
Classification number SB271
Item number .T27 1992
082 00 - DEWEY DECIMAL CLASSIFICATION NUMBER
Classification number 641.3
245 00 - TITLE STATEMENT
Title Tea :
Remainder of title cultivation to consumption /
Statement of responsibility, etc. edited by K.C. Willson and M.N. Clifford.
250 ## - EDITION STATEMENT
Edition statement 1st ed.
260 ## - PUBLICATION, DISTRIBUTION, ETC.
Place of publication, distribution, etc. London ;
-- New York :
Name of publisher, distributor, etc. Chapman & Hall,
Date of publication, distribution, etc. 1992.
300 ## - PHYSICAL DESCRIPTION
Extent xviii, 769 p., [4] p. of plates :
Other physical details ill. (some col.), maps ;
Dimensions 24 cm.
504 ## - BIBLIOGRAPHY, ETC. NOTE
Bibliography, etc. note Includes bibliographical references and index.
650 #0 - SUBJECT ADDED ENTRY--TOPICAL TERM
Topical term or geographic name entry element Tea.
9 (RLIN) 6205
650 #0 - SUBJECT ADDED ENTRY--TOPICAL TERM
Topical term or geographic name entry element Tea trade.
9 (RLIN) 6206
700 1# - ADDED ENTRY--PERSONAL NAME
Personal name Willson, K. C.
Fuller form of name (Ken C.)
9 (RLIN) 6207
700 1# - ADDED ENTRY--PERSONAL NAME
Personal name Clifford, M. N.
Fuller form of name (Michael N.)
9 (RLIN) 6208
906 ## - LOCAL DATA ELEMENT F, LDF (RLIN)
a 7
b cbc
c orignew
d 1
e ocip
f 19
g y-gencatlg
942 ## - ADDED ENTRY ELEMENTS (KOHA)
Source of classification or shelving scheme Dewey Decimal Classification
Koha item type Books like text book referance book
Suppress in OPAC No
Holdings
Withdrawn status Lost status Source of classification or shelving scheme Damaged status Not for loan Home library Current library Shelving location Date acquired Total Checkouts Full call number Barcode Date last seen Copy number Price effective from Koha item type
    Dewey Decimal Classification     Natural & Computational Science Library Natural & Computational Science Library General Stacks 09/22/2021   641.3/TEA NSCLIB00009311 09/22/2021 1 09/22/2021 Books like text book referance book